01025nam a2200301Ia 450000500170000000800270001702000180004410000200006224501370008225000170021930000170023653400340025365000380028765000270032565000260035265000280037870000290040670000420043570000470047794200150052426400340053933600270057333700330060033800280063304000350066108400120069699900150070820220317000404.0141031s9999 ck 000 0 spa d a97895830420581 aMaloney, Alison13aEl perro enterrador y otras historias cAlison Maloney y Maddy McClellan ; Emma McCann, Daniel Posgate ; traducción Yolanda Enciso a1a edición a79 páginas tDig the dog and other stories142LEMBaCuentos infantiles ingleses142LEMBaAnimalesvCuento142LEMBaFamiliavCuento142LEMBaHumorismovCuento1 aMcClelland, Maddy9151881 aPostgate, Daniel Maccann, Emma9151891 aEnciso Patiño, Yolandaetraductor915190 2loccBKLIT aBogotá bPanamericanac2013 atextobtxt2rdacontent asin mediaciónbn2rdamedia avolumenbnc2rdacarrier aCO-BoRNBPbspaerdacCO-BoRNBP aC MAL12 c3908d3908